00341nam a22001337a 4500003000400000008004100004020001800045082001500063100002000078245005500098250001100153260003500164300000800199OSt240120b |||||||| |||| 00| 0 eng d a9780099575061 a612.8bSAB aSAPOLSKY,Robert aBehave:The Biology of Humans at Our Best and Worst a1st Ed aNew DelhibPenguin Booksc2018 a790